Culture Générale - Série 2504 - Statistiques

Statistiques générales
  • Ce quiz a été pris 114 fois
  • Le résultat moyen est 3 sur 10
Statistiques - réponses
Question Réponse % Correct
De quel pays Ljubljana est-elle la capitale ? Slovénie
88%
Se dit de quelqu'un à l'esprit rationnel, rigoureux et quelque peu formaliste - adjectif relatif à un philosophe cartésien
47%
Appelé également "dos d'âne" cassis
46%
Qui a écrit "Les raisins de la colère" ? prénom et nom John Steinbeck
46%
Ce terme désigne: hélicoptère-cheval-truand-indien apache
28%
Maison de jeu, café où l'on joue (péjoratif) tripot
28%
Grande glace mobile montée sur un châssis à pivots - voir photo psyché
23%
Cet homme d'église, évêque, prédicateur et écrivain français était surnommé "L'aigle de Meaux" Bossuet
18%
Dans l'Antiquité : territoire de la région des Carpates, du bas-Danube et du littoral pontique occidental, correspondant approximativement aux actuelles Roumanie, Moldavie et aux régions adjacentes. Dacie
10%
Ordre religieux catholique contemplatif dont un film de 1960 raconte les derniers jours pendant la Révolution française carmel
5%
Aucun quiz correspondant
Distribution des résultats
% des personnes avec chaque résultat
Percentile par nombre de réponses
Votre historique - résultats
Vous n’avez pas pris ce quiz